LEADER 01265nam a2200313 a 4500 001 000000129662 003 CaOOAMICUS 005 20120713145335.0 008 120713s2012 it u000 u ita r 020 $a978-88-430-6283-6 040 $aPUL$bita 082 04$a340.54 100 1 $aGiachi, Cristina.$0(OLS)http://pul/name/83018 245 10$aDiritto e giurisprudenza in Roma antica /$cCristina Giachi, Valerio Marotta. 260 $aRoma :$bCarocci,$cİ2012. 300 $a369 p. ;$c22 cm 490 1 $aDiritto e politica ;$v13 504 $aBibliografia in nota. 650 4$aDiritto romano$xStoria.$0(OLS)http://pul/subject/1406 700 1 $aMarotta, Valerio.$0(OLS)http://pul/name/23852 830 0$aDiritto e politica ;$v13.$0(OLS)http://pul/title/163892 850 $aPUL 852 $aPUL$W1$xSL Diritto e Scienze Sociali 3$y79$m340. 54 GIACR 1$j150141$qDDC 21$B148679$CPULBib$Z2$F148679 $H120209 $82 941 1 $a9 996 $6020$a978-88-430-6283-6$9(OLS)http://pul/number/150287 996 $6082$a340.54$9(OLS)http://pul/classification/477 996 $6245$aDiritto e giurisprudenza in Roma antica$9(OLS)http://pul/title/163891 996 $6260$aRoma :$bCarocci$9(OLS)http://pul/publisher/66917 LEADER 02023nam a2200385 a 4500 001 000000132677 003 CaOOAMICUS 005 20130207122643.0 008 130207s2012 be df u001 u lat r 020 $z9782503542096* 040 $aPUL$bita 041 0 $alat$aeng 100 0 $aAlcuinus Turonensis,$d732-804.$0(OLS)http://pul/name/14725 240 10$aDe fide Trinitatis.$0(OLS)http://pul/title/167635 245 10$aAlcuini Eboracensis De fide sanctae Trinitatis et De incarnatione Christi :$bQuaestiones de sancta Trinitate /$ccura et studio Eric Knibbs et E. Ann Matter. 260 $aTurnhout :$bBrepols,$c2012. 300 $alxxvi, 180 p., [1] p. di tav. ripieg. :$cgrafico ;$c25 cm 490 1 $aCorpus Cristianorum. Continuatio Mediaevalis ;$v249 500 $aL'opera rispetta la tripartizione di Patrologia Latina 101, 11-58: Epistula nuncupatoria ; Invocatio ad ss. Trinitatem, et fidei symbolum eiusdem ; De Trinitate ad Fredegisum quaestiones XXVIII. 500 $aSul front.: "Quaestiones de sancta Trinitate". 504 $aComprende riferimenti bibliografici. 546 $aTesto in latino, commento in inglese. 700 1 $aKnibbs, Eric.$0(OLS)http://pul/name/85485 700 1 $aMatter, E. Ann.$0(OLS)http://pul/name/17325 740 02$aQuaestiones de sancta Trinitate. 830 0$aCorpus Christianorum.$pContinuatio Mediaevalis ;$v249.$0(OLS)http://pul/title/6 850 $aPUL 852 $aPUL$W1$xSL Cons. Gen., Altre Classi 1$y1$m2008 B 1.249$j152637$qStampati$B152033$CPULBib$Z2$F152033 $H121619 $82 900 $aAlcuino,$d732-804$914725 941 1 $a8 996 $6020$z9782503542096*$9(OLS)http://pul/number/151768 996 $6245$aAlcuini Eboracensis De fide sanctae Trinitatis et De incarnatione Christi :$bQuaestiones de sancta Trinitate$9(OLS)http://pul/title/167636 996 $6740$aQuaestiones de sancta Trinitate$9(OLS)http://pul/title/167637 996 $6260$aTurnhout :$bBrepols$9(OLS)http://pul/publisher/47850